Centralization and enhancement of technology resources for the administrative (centra) management of schools division office Las Pinas City (Record no. 364855)
[ view plain ]
| 000 -LEADER | |
|---|---|
| fixed length control field | 00556nam a22001457a 4500 |
| 003 - CONTROL NUMBER IDENTIFIER | |
| control field | 0 |
| 005 - DATE AND TIME OF LATEST TRANSACTION | |
| control field | 20221017125140.0 |
| 008 - FIXED-LENGTH DATA ELEMENTS--GENERAL INFORMATION | |
| fixed length control field | 221017b xxu||||| |||| 00| 0 eng d |
| 050 ## - LIBRARY OF CONGRESS CALL NUMBER | |
| Classification number | T58 |
| Item number | .M66 2019 |
| 245 ## - TITLE STATEMENT | |
| Title | Centralization and enhancement of technology resources for the administrative (centra) management of schools division office Las Pinas City |
| Statement of responsibility, etc | Ellaine I. Montas |
| 260 ## - PUBLICATION, DISTRIBUTION, ETC. (IMPRINT) | |
| Place of publication, distribution, etc | Las Pinas, Philippines |
| Name of publisher, distributor, etc | Southville International School and Colleges |
| Date of publication, distribution, etc | C2019 |
| 300 ## - PHYSICAL DESCRIPTION | |
| Extent | xi,151pp. |
| Dimensions | 28cm. |
| Type of unit | Theses |
| 500 ## - GENERAL NOTE | |
| General note | Information technology. |
| 942 ## - ADDED ENTRY ELEMENTS (KOHA) | |
| Source of classification or shelving scheme | Library of Congress Classification |
| Koha item type | Theses |
| Withdrawn status | Lost status | Source of classification or shelving scheme | Damaged status | Home library | Current library | Shelving location | Date acquired | Source of acquisition | Sub Shelving location | Total Checkouts | Full call number | Barcode | Date last seen | Price effective from | Koha item type |
|---|---|---|---|---|---|---|---|---|---|---|---|---|---|---|---|
| Library of Congress Classification | College Library | College Library | Theses Section | 10/17/2022 | Donation | T58 .M66 2019 | T1067 | 10/17/2022 | 10/17/2022 | Theses |